000 00441nam a2200157 4500
001 113892
003 ES-MaACL
005 20230906190028.0
007 t|
008 061121s1970 sp r ||||1| spa d
100 1 _aPagani, Marcos.
_988254
245 1 0 _aModelismo Naval /
_cMarcos Pagani.
260 _aBarcelona :
_bDe Vecchi,
_c1970.
300 _a142 p. 26 láms. 1 plan. ple. :
_bil ;
_c19 cm.
852 _aES-MaACL
_jC-50681
_bR.73252
999 _c113892
_d113892